[Event "GER-ch NSV Online 1st"]
[Site "Playchess.com INT"]
[Date "2020.04.26"]
[Round "4"]
[White "Buchholz, Reiner"]
[Black "Huenerberg, Harald"]
[Result "1-0"]
[WhiteElo "1909"]
[BlackElo "1347"]
[PlyCount "55"]
[EventDate "2020.04.26"]
[EventType "swiss (blitz)"]
[EventRounds "13"]
[EventCountry "GER"]
[SourceTitle "CBM 196 Extra"]
[Source "ChessBase"]
[SourceDate "2020.07.31"]
[SourceVersion "1"]
[SourceVersionDate "2020.07.31"]
[SourceQuality "1"]

1. c3 e5 2. d3 d6 3. g3 Be7 4. Bg2 Nf6 5. f3 0-0 6. Nh3 Be6 7. Nf2 Nc6 8. 0-0 Qd7 9. e4 h6 10. Qe2 Nh7 11. f4 exf4 12. gxf4 f5 13. Be3 Bh4 14. Nd2 Rae8 15. Rad1 fxe4 16. dxe4 Bxf2+ 17. Rxf2 Bg4 18. Bf3 Bxf3 19. Qxf3 Ng5 20. fxg5 Rxf3 21. Rxf3 Qg4+ 22. Kf2 Ne5 23. Rg1 Qh4+ 24. Rfg3 hxg5 25. Bxg5 Rf8+ 26. Ke2 Qxh2+ 27. R1g2 Qh5+ 28. Ke3 1-0

[Event "GER-ch NSV Online 1st"]
[Site "Playchess.com INT"]
[Date "2020.04.26"]
[Round "5"]
[White "Huenerberg, Harald"]
[Black "Poschadel, Andreas Gregor"]
[Result "0-1"]
[WhiteElo "1347"]
[BlackElo "1946"]
[PlyCount "86"]
[EventDate "2020.04.26"]
[EventType "swiss (blitz)"]
[EventRounds "13"]
[EventCountry "GER"]
[SourceTitle "CBM 196 Extra"]
[Source "ChessBase"]
[SourceDate "2020.07.31"]
[SourceVersion "1"]
[SourceVersionDate "2020.07.31"]
[SourceQuality "1"]

1. e4 c5 2. Nf3 Nc6 3. d4 cxd4 4. Nxd4 e5 5. Nxc6 bxc6 6. Bc4 Nf6 7. Nc3 Bb4 8. Bg5 0-0 9. 0-0 h6 10. Bh4 d6 11. f3 Be6 12. Bd3 Qb6+ 13. Bf2 Qc7 14. a3 Bxc3 15. bxc3 d5 16. exd5 cxd5 17. Bh4 Nh5 18. Be1 Nf4 19. Bg3 Nh5 20. Be2 Nxg3 21. hxg3 Qxc3 22. Qd3 Qc5+ 23. Kh1 f5 24. g4 e4 25. fxe4 fxe4 26. Qb5 Qxc2 27. Rxf8+ Rxf8 28. Rf1 Rxf1+ 29. Bxf1 Bxg4 30. Qe8+ Kh7 31. Qe5 Qd1 32. Qf4 Be6 33. Kg1 Qg4 34. Qxg4 Bxg4 35. Kf2 d4 36. Be2 Bxe2 37. Kxe2 Kg6 38. a4 Kf5 39. a5 Ke5 40. a6 Kd5 41. g3 Kc6 42. g4 Kb6 43. Kd2 Kxa6 0-1

[Event "GER-ch NSV Online 1st"]
[Site "Playchess.com INT"]
[Date "2020.04.26"]
[Round "6"]
[White "Huenerberg, Harald"]
[Black "Wilting, Alexander"]
[Result "0-1"]
[WhiteElo "1347"]
[BlackElo "2072"]
[PlyCount "46"]
[EventDate "2020.04.26"]
[EventType "swiss (blitz)"]
[EventRounds "13"]
[EventCountry "GER"]
[SourceTitle "CBM 196 Extra"]
[Source "ChessBase"]
[SourceDate "2020.07.31"]
[SourceVersion "1"]
[SourceVersionDate "2020.07.31"]
[SourceQuality "1"]

1. e4 e5 2. Nf3 Nf6 3. Nc3 Nc6 4. Bc4 Nxe4 5. Nxe4 d5 6. Bb5 dxe4 7. Bxc6+ bxc6 8. Ng1 Qg5 9. Kf1 Ba6+ 10. Ne2 Bc5 11. Kg1 Qf6 12. Qf1 0-0-0 13. b3 h5 14. c4 Bd4 15. Nxd4 exd4 16. Bb2 c5 17. Re1 Bb7 18. f3 exf3 19. gxf3 Rh6 20. Re2 Bxf3 21. Rg2 Bxg2 22. Qxg2 Rg6 23. Qxg6 Qxg6+ 0-1